Business rates appeals to be streamlined (Record no. 74580)

MARC details
000 -LEADER
fixed length control field 01074cab a2200217 4500
001 - CONTROL NUMBER
control field WB@3612-695
008 - FIXED-LENGTH DATA ELEMENTS--GENERAL INFORMATION
fixed length control field 041021n2004 000 0 eng u
035 ## - SYSTEM CONTROL NUMBER
System control number (Sirsi) u127793
245 ## - TITLE STATEMENT
Title Business rates appeals to be streamlined
260 ## - PUBLICATION, DISTRIBUTION, ETC.
Date of publication, distribution, etc. 2004
490 ## - SERIES STATEMENT
Series statement ODPM News Release
Volume/sequential designation (2004/0251) 21 October 2004 (2)
520 ## - SUMMARY, ETC.
Summary, etc. ODPM has announced plans to streamline the business rate appeals process. Proposals mean a ratepayer will be able to appeal against the rateable value of their business premises at any time during the five-year life of the rating list. Also, any change in the value will be backdated to the date the list was compiled or to the date the change was made to the property. The consultation document introducing these proposals will be published by mid November 2004. http://www.odpm.gov.uk/pns/displaypn.cgi?pn_id=200 4_0251
590 ## - LOCAL NOTE (RLIN)
Local note WB
590 ## - LOCAL NOTE (RLIN)
Local note WB
650 ## - SUBJECT ADDED ENTRY--TOPICAL TERM
Topical term or geographic name entry element BUSINESS RATES
650 ## - SUBJECT ADDED ENTRY--TOPICAL TERM
Topical term or geographic name entry element RATEABLE VALUE
650 ## - SUBJECT ADDED ENTRY--TOPICAL TERM
Topical term or geographic name entry element RATING LISTS
650 ## - SUBJECT ADDED ENTRY--TOPICAL TERM
Topical term or geographic name entry element BUSINESS RATE APPEALS
690 ## - LOCAL SUBJECT ADDED ENTRY--TOPICAL TERM (OCLC, RLIN)
Topical term or geographic name as entry element RATING AND LOCAL TAXATION
942 ## - ADDED ENTRY ELEMENTS (KOHA)
Suppress in OPAC 0
Holdings
Withdrawn status Lost status Source of classification or shelving scheme Damaged status Not for loan Home library Current library Shelving location Date acquired Total Checkouts Full call number Barcode Date last seen Copy number Price effective from Koha item type
    Dewey Decimal Classification     London London News article 21/10/2004   WB4040-15 127793-1001 06/08/2019 1 06/08/2019 News article